| 000 | 00607cam a22002291 4500 | ||
|---|---|---|---|
| 001 | sa 67001422 | ||
| 003 | DLC | ||
| 005 | 20260227112322.0 | ||
| 008 | 890620s1964 ii ac 000 0 inco | ||
| 010 | _asa 67001422 | ||
| 035 | _a(OCoLC)19898386 | ||
| 040 |
_aDLC _cWaU _dDLC |
||
| 042 | _apremarc | ||
| 050 | 0 | 0 |
_aPK2708.9.S5 _bP3 |
| 100 | 1 | _aSingh, Mukan. | |
| 245 | 1 | 0 | _aPābūjī rī veli. |
| 260 | _c[1964] | ||
| 300 |
_a17, 3, 52 p. _billus., ports. _c19 cm. |
||
| 500 | _aIn Dingal; introductory matter in Hindi or English. | ||
| 500 | _aPoems. | ||
| 600 | 0 | 0 |
_aPābūjī Rāṭhauṛa _vPoetry. |
| 999 |
_c72622 _d72622 |
||